00585nam a22001577a 450000500170000000800410001708200150005824501050007326000590017830000100023765000310024770000320027894200070031095200950031799900150041220231218154853.0231207b |||||||| |||| 00| 0 eng d a362.7bMAP aMapping out a Profile of Child Protection in Sri Lanka:b questioning Public in the Western Province aColombo:bWomen's Education and Research Centre,c2016 a70 p. aCHILD PROTECTION-Sri Lanka aPathirana, Buddhipraba D.D. cRP 00102ddc4070aMAINbMAINd2023-12-08l0o362.7 MAPpRAF3335r2023-12-08w2023-12-08yRP c4311d4311